000 00757nam a22002417a 4500
001 BD-DhSAU 1380
003 BD-DhSAU
005 20150115091449.0
008 150115b1984 ph a|||| |||| 00| 0 eng d
020 _a9711041006
040 _aBD-DhSAU
082 _222
_a632.957
_bINJ
110 _aThe International Rice Research Institute
245 _aJuidicious and efficient use of insecticides on rice /
_cThe International Rice Research Institute & FAO/IRRI Workshop
260 _aManila, Philippines :
_bThe International Rice Research Institute ;
_cc1984.
300 _avi, 180 p. :
_bill. ;
_c23 cm.
590 _aJerin
650 _aEntomology
650 _aInsecticides
650 _aRice
650 _aUse of rice
711 _aFAO/IRRI Workshop
942 _2ddc
_cBOOK
999 _c1380
_d1380